000 00493nam a2200169Ia 4500
008 090711s9999 xx 000 0 und d
082 _b62957
100 _aटकले द. शि.
245 _aSाार्लस डार्विन
260 _c1965
300 _a74
600 _aटकले द. शि.
630 _aSाार्लस डार्विन
700 _aटकले द. शि.
730 _aSाार्लस डार्विन
942 _cBOOK
999 _c319222
_d319222